Spiknutí : tajný příběh Protokolů sionských mudrců / Will Eisner ; úvod napsal Umberto Eco ; [z anglického originálu přeložil Viktor Janiš]
Americký komiks interpretuje vznik Protokolů sionských mudrců a jejich vliv od devatenáctého století po současnost.
Výklad začíná v devatenáctém století, kdy agent ruské tajné služby vytvořil dokument, který měl být důkazem, že přední židovští činitelé a finanční kruhy organizují spiknutí na ovládnutí světa. Cílem bylo odvést pozornost od ruského samoděržaví. Ze lži se, i zásluhou vypuknutí první světové války, stala mezinárodně uznávaná pravda, oživovaná v průběhu času četnými rasistickými organizacemi. Pamflet ovlivnil téměř všechna xenofobní hnutí a nadále je úspěšný na knižním trhu. Komiksová interpretace vzniku a společenského vlivu daného textu.
Record details
- ISBN: 978-80-200-1603-4 (váz.)
- Physical Description: 148 s. : vše il. ; 27 cm
- Edition: 1. vyd.
- Publisher: Praha : Academia, 2008
Content descriptions
| Bibliography, etc. Note: | Obsahuje bibliografii, bibliografické odkazy a rejstřík |
Search for related items by subject
| Subject: | Protokoly sionskych mudrecov |
Available copies
- 1 of 1 copy available at Common Catalog SPOK.
Holds
- 0 current holds with 1 total copy.
Show Only Available Copies
| Location | Call Number / Copy Notes | Barcode | Shelving Location | Status | Due Date |
|---|---|---|---|---|---|
| Terezin Initiative Institute | 5914 | 4594305914 | Knihovna ITI | Available | - |
| LDR | 02325nam a2200445 a 4500 | ||
|---|---|---|---|
| 001 | 27998 | ||
| 003 | CZ-PrJAB | ||
| 005 | 20230213092257.0 | ||
| 008 | 080321s2008 xr a gr 001 0 cze | ||
| 015 | . | ‡acnb001797440 | |
| 020 | . | ‡a978-80-200-1603-4 (váz.) | |
| 035 | . | ‡a(CONS)2834 | |
| 035 | . | ‡a(CZ PrSKC)nkc20081797440 | |
| 035 | . | ‡a(OCoLC)237069921 | |
| 040 | . | ‡aOLA001 ‡bcze ‡dABA001 | |
| 041 | 1 | . | ‡acze ‡heng |
| 080 | . | ‡a323.12(=411.16) ‡2MRF | |
| 080 | . | ‡a323.13(=411.16) ‡2MRF | |
| 080 | . | ‡a002.1-021.58 ‡2MRF | |
| 080 | . | ‡a(084.1) ‡2MRF | |
| 100 | 1 | . | ‡aEisner, Will, ‡d1917-2005 ‡7xx0068967 ‡4aut ‡4ill |
| 245 | 1 | 0. | ‡aSpiknutí : ‡btajný příběh Protokolů sionských mudrců / ‡cWill Eisner ; úvod napsal Umberto Eco ; [z anglického originálu přeložil Viktor Janiš] |
| 246 | 3 | 0. | ‡aTajný příběh Protokolů sionských mudrců |
| 250 | . | ‡a1. vyd. | |
| 260 | . | ‡aPraha : ‡bAcademia, ‡c2008 | |
| 300 | . | ‡a148 s. : ‡bvše il. ; ‡c27 cm | |
| 504 | . | ‡aObsahuje bibliografii, bibliografické odkazy a rejstřík | |
| 520 | 9 | . | ‡aAmerický komiks interpretuje vznik Protokolů sionských mudrců a jejich vliv od devatenáctého století po současnost. |
| 520 | 9 | . | ‡aVýklad začíná v devatenáctém století, kdy agent ruské tajné služby vytvořil dokument, který měl být důkazem, že přední židovští činitelé a finanční kruhy organizují spiknutí na ovládnutí světa. Cílem bylo odvést pozornost od ruského samoděržaví. Ze lži se, i zásluhou vypuknutí první světové války, stala mezinárodně uznávaná pravda, oživovaná v průběhu času četnými rasistickými organizacemi. Pamflet ovlivnil téměř všechna xenofobní hnutí a nadále je úspěšný na knižním trhu. Komiksová interpretace vzniku a společenského vlivu daného textu. |
| 630 | 0 | 7. | ‡aProtokoly sionskych mudrecov ‡7unn2006375172 ‡2czenas |
| 852 | 4 | . | ‡bJACH-ITI ‡bJACH-ITI ‡cKnihovna ITI ‡j5914 ‡p5914 ‡y$0.00 |
| 910 | . | ‡aABE340 ‡b5914 | |
| 995 | . | ‡askok | |
| 901 | . | ‡a27998 ‡bISxN ‡c27998 ‡tbiblio | |